00342nam a2200121Ia 4500008004100000041000800041082001600049100001700065245004500082260004800127300003200175365001300207240624s9999 xx 000 0 und d aeng a330.122 HAR aHARVEY DAVID aENIGMA CAPITAL AND THE CRISES OF CAPITAL c2011aNew DelhibViva Books Private Limited aviii, : 312 : p. : cm. ; 20 cRSb33.5